| 000 | 00670nam a2200193 a 4500 | ||
|---|---|---|---|
| 001 | 267 | ||
| 003 | CDMR | ||
| 005 | 20131024135458.0 | ||
| 008 | 130130s1982||||||||||||||||||||||||||||d | ||
| 040 |
_aCDMR _bcat _cCDMR |
||
| 100 | 1 |
_aArrel _9177 |
|
| 245 | 1 | 4 |
_aLes ràdios municipals _b: número extraordinari d'Arrel |
| 260 |
_aBarcelona _c1982 _bDiputació de Barcelona |
||
| 300 |
_a160 p. _bil. b/n |
||
| 500 | _aNúmero 3, extraordinari, abril-setembre 1982 de la revista "Areel", editada per la Diputació de Barcelona | ||
| 500 | _aAdjunta un mapa a color amb la distribució de les emissores a Catalunya | ||
| 650 | 0 | 4 |
_93756 _aRàdio local _zCatalunya |
| 942 |
_cMON _2udc |
||
| 999 |
_c267 _d267 |
||